000 00605 a2200193 4500
999 _c182861
_d182861
005 20211208125927.0
010 _aENG-130234
020 _c455.00
_a978-93-82618-03-4
035 _aEN-113766
037 _bDBAD / PUB
082 _a823.0108954
245 _aAlchemy The Tranquebar book of Ertotic Stories II
_cEdited by Sheba Karim
250 _a2012
260 _aChennai
_bTranquebar Press
_c2012
270 _bChennai
_e600095
_aVenkat Towers, 165, P.H. Road, Maduravoyal
300 _aix,232p.
_c20cm (pbk)
700 _aKarim, Sheba
942 _adpl
_cEN
_2ddc
_h823.0108954
_mKAR